|
|
|
|
| LEADER |
00000nab a2200000 a 4500 |
| 001 |
vtls008999819 |
| 003 |
SK-MaSNL |
| 005 |
20260304214447.0 |
| 008 |
070618c20070601xo mr| 0 0slo |
| 038 |
|
|
|a RVGKPD
|
| 040 |
|
|
|a RVGKPD
|b slo
|c RVGKPD
|e AACR2
|
| 041 |
|
|
|a slo
|
| 044 |
|
|
|a xo
|c SK
|
| 080 |
|
|
|a 796.71
|2 1997
|
| 100 |
1 |
|
|a Podolinský, Peter,
|d 1974-
|4 aut
|9 872876
|
| 245 |
1 |
0 |
|a Pavlík sa predstaví v skupine F
|b na Rally Bratislava bude štartovať s peugeotom
|c Peter Podolinský
|
| 300 |
|
|
|b Fotogr.
|
| 600 |
1 |
7 |
|a Pavlík, Michal
|c (automobilový pretekár)
|2 rvgkpd
|9 1302250
|
| 600 |
1 |
7 |
|a Pavlík, Matúš,
|d 1974-
|2 rvgkpd
|9 253707
|
| 650 |
0 |
7 |
|a automobilový šport
|2 rvgkpd
|9 3266
|
| 651 |
|
7 |
|a Rožňava (Slovensko)
|2 rvgkpd
|9 17394
|
| 773 |
0 |
|
|t Korzár : Gemerský denník
|g Roč. IX, č. 125 (1.6.2007), s. 11
|x 1335-7581
|
| 852 |
|
|
|a RVGKPD
|b KIS3G
|
| 992 |
|
|
|a RBX
|
| 999 |
|
|
|c 3141398
|d 3143328
|